000 00600nam a2200241Ia 4500
008 160418s9999 xx 000 0 und d
020 _a971-90817-01
050 _aFIL ML 390
050 _b.A43 2002
100 _aAlba, Rene.
245 _aGreat composers of the world :
245 _bpart one /
245 _cRene Alba.
250 _aStudent Edition
260 _aQuezon City:
260 _bCurriculum Pub.,
260 _c2002
300 _a110 pages :
300 _billustrations ;
300 _c19 cm.
650 _aComposers -- Biography.
650 _xMusicians -- Biography.
999 _c293354
_d293354